000 00289nam a22001337a 4500
008 181016b xxu||||| |||| 00| 0 eng d
020 _a9780787968335
041 _aeng
080 _a658
100 _a54
101 _aLID
245 _aLeadership Challenge
_cPosner, K
942 _2udc
_cBK
999 _c49937
_d49937